000 00624cam a2200241 4500
008 020716n2002 000 0 eng u
020 _a1860815502
035 _a(Sirsi) u118849
050 _a693.832
100 _aDoran, S.
245 _aU-values for light steel-frame construction
260 _aGarston
_bBRE
_c2002
300 _a12p.
_c30cm.
490 _aBRE Digest
_v465
650 _aHEAT LOSS
650 _aINSULATION
650 _aSTEEL-FRAMED BUILDINGS
650 _aSTEEL FRAMES
650 _aU-VALUES
690 _aBUILT ENVIRONMENT-CONSTRUCTION DESIGN
700 _aGorgolewski, M.
942 _n0
999 _c102185
_d102185